[Event "WA Open - Booster Section"]
[Site "Redmond, WA"]
[Date "2008.05.25"]
[Round "3"]
[White "Garcia, Ruben"]
[Black "Iordanov, Stoyan"]
[Result "1-0"]
[WhiteElo "1227"]
[BlackElo "1048"]
[PlyCount "45"]
[EventDate "2008.05.??"]
[SourceDate "2008.05.24"]

1. e4 c5 2. Nf3 d6 3. d4 cxd4 4. Nxd4 Nf6 5. Nc3 a6 6. Be3 e6 7. f3 Be7 8. Qd2
b5 9. O-O-O e5 10. Nb3 Nc6 11. g4 Be6 12. h4 Bxb3 13. cxb3 Qa5 14. Kb1 O-O 15.
h5 Kh8 16. g5 Ng8 17. g6 fxg6 18. hxg6 h6 19. Bxh6 gxh6 20. Rxh6+ Kg7 21. Rh7+
Kxg6 22. Qh2 Bg5 23. Rxd6+ 1-0

[Event "WA Open - Booster Section"]
[Site "Redmond, WA"]
[Date "2008.05.25"]
[Round "4"]
[White "Higgins, Morgan"]
[Black "Barua, Aniruddha"]
[Result "1-0"]
[WhiteElo "918"]
[BlackElo "838"]
[PlyCount "101"]
[EventDate "2008.05.??"]
[SourceDate "2008.05.24"]

1. d4 Nf6 2. Nc3 d5 3. Bf4 e6 4. Nb5 Bb4+ 5. c3 Ba5 6. b4 Bb6 7. a4 a5 8. e3
O-O 9. Qf3 Na6 10. Rb1 Ne4 11. Bd3 Nd6 12. Nxd6 cxd6 13. Qg3 Qc7 14. Ne2 e5 15.
dxe5 dxe5 16. Bxe5 Qxe5 17. Qxe5 Be6 18. Nf4 Bc7 19. Qd4 Bxf4 20. Qxf4 Nb8 21.
Qh4 h6 22. g4 f6 23. Qh5 Bf7 24. Qf5 Rd8 25. Qh7+ Kf8 26. Qh8+ Ke7 27. Qxg7 Rg8
28. Qxh6 Rxg4 29. Ke2 Nd7 30. Rhg1 Ne5 31. Rxg4 Nxg4 32. Qg7 Rg8 33. Qh7 Ne5
34. h4 b6 35. h5 Kf8 36. Qh6+ Ke7 37. Qh7 Kf8 38. Bg6 Nxg6 39. hxg6 Bxg6 40.
Qh6+ Ke7 41. Rg1 Bd3+ 42. Kxd3 Rxg1 43. Qh7+ Kf8 44. e4 dxe4+ 45. Kxe4 Rg4+ 46.
Kf5 Rg7 47. Qh6 Kf7 48. Qxf6+ Kg8 49. Qxb6 Rf7+ 50. Ke6 Rxf2 51. Qxf2 1-0

[Event "WA Open - Booster Section"]
[Site "Redmond, WA"]
[Date "2008.05.25"]
[Round "4"]
[White "Lee, Jonah"]
[Black "James, Mark"]
[Result "0-1"]
[WhiteElo "918"]
[BlackElo "1198"]
[PlyCount "88"]
[EventDate "2008.05.??"]
[SourceDate "2008.05.24"]

1. c4 c5 2. g3 Nc6 3. Bg2 Qc7 4. e3 Nf6 5. Ne2 d6 6. O-O g6 7. Nbc3 Bg7 8. d3
O-O 9. Rb1 e5 10. a3 Rb8 11. b4 b6 12. b5 Nd8 13. a4 Bb7 14. e4 Re8 15. Bg5 Ne6
16. Bxf6 Bxf6 17. f4 Nd4 18. Nxd4 exd4 19. Ne2 Re7 20. f5 Kg7 21. Qe1 Rbe8 22.
Qf2 g5 23. Bf3 Re5 24. h4 Kf8 25. hxg5 Bxg5 26. Nf4 Qe7 27. Qh2 h6 28. Qh5 Qf6
29. Qh2 R8e7 30. Ra1 Ke8 31. a5 Kd8 32. axb6 Re8 33. bxa7 Kd7 34. Ra2 Ra8 35.
Qb2 Ree8 36. b6 Bxf4 37. gxf4 Rg8+ 38. Kf2 Qh4+ 39. Ke2 Rg7 40. Qb5+ Ke7 $18
41. e5 $4 Bxf3+ 42. Rxf3 Rg2+ 43. Kd1 Qh1+ 44. Rf1 Qxf1# 0-1

[Event "WA Open - Booster Section"]
[Site "Redmond, WA"]
[Date "2008.05.26"]
[Round "5"]
[White "Iordanov, Stoyan"]
[Black "Higgins, Morgan"]
[Result "1-0"]
[WhiteElo "1048"]
[BlackElo "918"]
[PlyCount "31"]
[EventDate "2008.05.??"]
[SourceDate "2008.05.24"]

1. e4 c5 2. Nf3 Nc6 3. Bb5 Nf6 4. Nc3 e6 5. d4 a6 6. Bxc6 dxc6 7. Bg5 Be7 8. e5
Nd5 9. Bxe7 Qxe7 10. Ne4 b6 11. Nd6+ Kf8 12. Qd2 Ra7 13. Nxc8 Qc7 14. Nxa7 Qxa7
15. Qg5 Nb4 16. Qd8# 1-0

[Event "WA Open - Booster Section"]
[Site "Redmond, WA"]
[Date "2008.05.26"]
[Round "6"]
[White "Liao, King"]
[Black "Van Weerdhuizen, David"]
[Result "1-0"]
[WhiteElo "1113"]
[BlackElo "1125"]
[PlyCount "135"]
[EventDate "2008.05.??"]
[SourceDate "2008.05.24"]

1. Nf3 d6 2. g3 g6 3. Bg2 e5 4. d3 Bg7 5. O-O Nf6 6. Nbd2 Be6 7. e4 Qd7 8. Re1
Bh3 9. Bh1 Nc6 10. c3 Bg4 11. Qc2 Bh3 12. a4 Bh6 13. b4 Qg4 14. Nc4 Bf4 15. Ne3
Bxe3 16. Bxe3 h5 17. Bg5 Nh7 18. Qd2 f6 19. Bh6 g5 20. Bg2 Bxg2 21. Kxg2 O-O-O
22. h4 Rdg8 23. Nh2 Qd7 24. Nf3 gxh4 25. Nxh4 Qg4 26. Nf5 Kd7 27. Rh1 Ne7 28.
Rh4 Qg6 29. Rah1 Nxf5 30. exf5 Qxf5 31. Rxh5 Qg6 32. R1h4 f5 33. Bg5 Rg7 34. f4
Rhg8 35. Qe3 exf4 36. gxf4 Nxg5 37. Rxg5 Qe6 38. Qxe6+ Kxe6 39. Rxg7 Rxg7+ 40.
Kf2 Rg4 41. Rxg4 fxg4 42. Kg3 Kf5 43. a5 a6 44. c4 b6 45. b5 axb5 46. axb6 cxb6
47. cxb5 d5 48. d4 Ke4 49. Kxg4 Kxd4 50. f5 Ke5 51. Kg5 d4 52. f6 Ke6 53. Kg6
d3 54. f7 d2 55. f8=Q d1=Q 56. Qe8+ Kd6 57. Qd8+ Kc5 58. Qxd1 Kxb5 59. Qd4 Ka5
60. Qc3+ Ka6 61. Qb3 b5 62. Kf6 Ka5 63. Ke6 Kb6 64. Kd6 Ka5 65. Kc6 Ka6 66. Qb4
Ka7 67. Qxb5 Ka8 68. Qb7# 1-0

[Event "WA Open - Booster Section"]
[Site "Redmond, WA"]
[Date "2008.05.26"]
[Round "6"]
[White "James, Mark"]
[Black "Manion, Jimmy"]
[Result "0-1"]
[WhiteElo "1198"]
[BlackElo "1105"]
[PlyCount "120"]
[EventDate "2008.05.??"]
[SourceDate "2008.05.24"]

1. e4 c5 2. Nf3 Nc6 3. d4 cxd4 4. Nxd4 d6 5. Nc3 Nf6 6. Be2 g6 7. O-O Bg7 8.
Nb3 O-O 9. f4 Qb6+ 10. Kh1 Be6 11. Bd3 Ng4 12. Qf3 f5 13. h3 Nf6 14. Be3 Qc7
15. Nb5 Qd7 16. N5d4 Nb4 17. a3 Nxd3 18. cxd3 Ne8 19. Nd2 Rc8 20. Rac1 Rxc1 21.
Rxc1 h6 22. Qg3 Bf7 23. N2f3 Bxd4 24. Bxd4 fxe4 25. dxe4 Nf6 26. Qe1 Rc8 27.
Rxc8+ Qxc8 28. e5 dxe5 29. Qxe5 Kf8 30. Bc5 Ng8 31. a4 b6 32. Ba3 Qc1+ 33. Kh2
Qf1 34. Nd4 Qa6 35. Nc6 Qb7 36. Nd8 Qd7 37. Nxf7 Kxf7 38. b3 Qd3 39. Bb2 Ke8
40. Qh8 Qxb3 41. Be5 a6 42. Qg7 Qf7 43. Qxf7+ Kxf7 44. Kg3 Nf6 45. Kf3 Ke6 46.
g4 g5 47. Bb2 gxf4 48. Kxf4 Nd5+ 49. Ke4 Nf6+ 50. Kf4 Nd7 51. g5 hxg5+ 52. Kxg5
Kf7 53. h4 e5 54. h5 e4 55. h6 Nf8 56. Bd4 Ne6+ 57. Kf5 Nxd4+ 58. Kxe4 Nc6 59.
Kd5 Na7 60. a5 bxa5 {and the remaining moves were not recorded.} 0-1

[Event "WA Open - Booster Section"]
[Site "Redmond, WA"]
[Date "2008.05.25"]
[Round "4"]
[White "MacGregor, Logan"]
[Black "Garcia, Ruben"]
[Result "1-0"]
[WhiteElo "1287"]
[BlackElo "1227"]
[PlyCount "41"]
[EventDate "2008.05.??"]
[SourceDate "2008.05.24"]

1. e4 e5 2. f4 d6 3. Bc4 Nf6 4. Nc3 Be7 5. Nf3 Nc6 6. d4 exd4 7. Nxd4 Nxd4 8.
Qxd4 Be6 9. Bxe6 fxe6 10. Bd2 O-O 11. O-O-O a6 12. g4 Nxg4 13. Rdg1 c5 14. Qd3
Nf6 15. Qg3 Rf7 16. h4 g6 17. h5 Rg7 18. f5 g5 19. h6 Rf7 20. fxe6 Nxe4 21.
exf7+ 1-0

[Event "WA Open - Booster Section"]
[Site "Redmond, WA"]
[Date "2008.05.25"]
[Round "4"]
[White "Hu, Kaicheng"]
[Black "Nelson, Evan"]
[Result "0-1"]
[WhiteElo "1191"]
[BlackElo "1316"]
[PlyCount "54"]
[EventDate "2008.05.??"]
[SourceDate "2008.05.24"]

1. d4 d5 2. c4 e6 3. Nc3 c6 4. Nf3 Nf6 5. e3 Nbd7 6. Qc2 Bd6 7. Bd3 dxc4 8.
Bxc4 b5 9. Bd3 h6 10. O-O Bb7 11. a3 a6 12. e4 e5 13. dxe5 Nxe5 14. Be2 O-O 15.
Rd1 Qc7 16. Be3 c5 17. Nd5 Nxd5 18. exd5 Ng4 19. g3 Nf6 20. Nh4 Nxd5 21. Rd3 c4
22. Rd2 Nxe3 23. fxe3 Bxg3 24. Nf3 Bxh2+ 25. Nxh2 Qg3+ 26. Kf1 Bg2+ 27. Kg1
Bh3+ 0-1

[Event "WA Open - Booster Section"]
[Site "Redmond, WA"]
[Date "2008.05.25"]
[Round "3"]
[White "Hu, Kaicheng"]
[Black "MacGregor, Logan"]
[Result "0-1"]
[WhiteElo "1191"]
[BlackElo "1287"]
[PlyCount "166"]
[EventDate "2008.05.??"]
[SourceDate "2008.05.24"]

1. d4 e6 2. c4 c5 3. d5 exd5 4. cxd5 d6 5. e4 g6 6. Nc3 Bg7 7. Bd3 Nf6 8. f3
O-O 9. Nge2 a6 10. O-O b5 11. a3 Bb7 12. Be3 Nbd7 13. Qd2 Re8 14. Bh6 Bh8 15.
Rae1 Qb6 16. Kh1 Rac8 17. Bb1 c4 18. Ba2 Nc5 19. Rb1 Nfd7 20. Be3 Qd8 21. Bd4
Ne5 22. f4 Ng4 23. Bxh8 Qh4 24. h3 Kxh8 25. Qd4+ Kg8 26. Kg1 Nf6 27. e5 dxe5
28. fxe5 Qxd4+ 29. Nxd4 Nxd5 30. Rbe1 Nd3 31. Re2 Rxe5 32. Rxe5 Nxe5 33. Nxd5
Bxd5 34. Rf6 Ra8 35. Rd6 Be4 36. Ne2 Nd3 37. b3 cxb3 38. Bxb3 Nc5 39. Ba2 a5
40. Rf6 Ra7 41. Nc3 Rb7 42. Nxe4 Nxe4 43. Ra6 a4 44. Bd5 Re7 45. Rb6 Nc3 46.
Rb8+ Kg7 47. Bc6 Re1+ 48. Kf2 Ra1 49. Bxb5 Nxb5 50. Rxb5 Rxa3 51. Ra5 Ra2+ 52.
Kf3 a3 53. g4 g5 54. Rxg5+ Kf6 55. Ra5 Ra1 56. Rf5+ Ke6 57. Ra5 a2 58. Kg2 Kd6
59. Ra6+ Ke5 60. Ra7 Kd4 61. Rd7+ Kc4 62. Rc7+ Kd5 63. Rd7+ Ke6 64. Ra7 Kf6 65.
Ra4 Kg6 66. Kh2 f6 67. h4 Kf7 68. Ra7+ Ke6 69. Ra3 Kd6 70. Ra6+ Ke5 71. Ra4 Kd5
72. Ra5+ Ke4 73. Ra4+ Kf3 74. g5 fxg5 75. hxg5 Ke3 76. Kg2 Kd3 77. Ra7 Ke4 78.
Rxh7 Rg1+ 79. Kxg1 a1=Q+ 80. Kf2 Qb2+ 81. Kg3 Qc3+ 82. Kg4 Qf3+ 83. Kh4 Qh1+
0-1

[Event "WA Open - Booster Section"]
[Site "Redmond, WA"]
[Date "2008.05.25"]
[Round "3"]
[White "Nelson, Evan"]
[Black "Chi, Quentin"]
[Result "0-1"]
[WhiteElo "1316"]
[BlackElo "1355"]
[PlyCount "94"]
[EventDate "2008.05.??"]
[SourceDate "2008.05.24"]

1. e4 d5 2. exd5 Nf6 3. Nf3 Nxd5 4. d4 e6 5. c4 Bb4+ 6. Bd2 Bxd2+ 7. Nbxd2 Nf6
8. Be2 Nc6 9. Nb3 O-O 10. O-O b6 11. Qd3 Bb7 12. Rfe1 Qe7 13. Ne5 Nb4 14. Qd1
Rfd8 15. Bf3 Bxf3 16. Qxf3 Nc2 17. Nc6 Qd7 18. Nxd8 Rxd8 19. Rad1 Nxe1 20. Rxe1
Qa4 21. Qb7 Qxa2 22. Qxc7 Re8 23. Nd2 Qxb2 24. Nf3 Qa3 25. Qc6 Rd8 26. c5 bxc5
27. h4 cxd4 28. Ng5 Qd6 29. Qb7 Qd7 30. Qa6 d3 31. Rd1 d2 32. Nf3 Ne4 33. Qc4
Qd5 34. Qc2 Qd3 35. Qc7 Qd7 36. Qc2 f5 37. Qc4 Rc8 38. Qb3 Rc1 39. Kh2 h6 40.
Nxd2 Rxd1 41. Nf3 Qd6+ 42. g3 Rd3 43. Qb5 Rxf3 44. Qe8+ Kh7 45. Qh5 Rxf2+ 46.
Kg1 Qxg3+ 47. Kh1 Rf1# 0-1

[Event "WA Open - Booster Section"]
[Site "Redmond, WA"]
[Date "2008.05.25"]
[Round "3"]
[White "Liao, King"]
[Black "Manion, Jimmy"]
[Result "0-1"]
[WhiteElo "1113"]
[BlackElo "1105"]
[PlyCount "106"]
[EventDate "2008.05.??"]
[SourceDate "2008.05.24"]

1. Nf3 c5 2. g3 Nc6 3. Bg2 g6 4. O-O Bg7 5. d3 d5 6. e4 Bg4 7. c3 d4 8. Qc2 Qa5
9. a4 Ne5 10. Nfd2 Be2 11. Nc4 Nxc4 12. Qxe2 Nb6 13. e5 Nd7 14. Bxb7 Rb8 15.
Bc6 Qb6 16. Bb5 a6 17. Bxd7+ Kxd7 18. Qg4+ Qe6 19. Qe4 f5 20. exf6 Qxe4 21.
dxe4 Nxf6 22. Nd2 Ng4 23. f4 dxc3 24. Nc4 cxb2 25. Rd1+ Ke8 26. Nxb2 Bxb2 27.
Bxb2 Rxb2 28. Rab1 Rxb1 29. Rxb1 Kd7 30. Rb6 c4 31. Rxa6 c3 32. Ra5 Rc8 33.
Rd5+ Kc6 34. Rd3 c2 35. Rc3+ Kd7 36. Rd3+ Ke8 37. Rf3 c1=Q+ 38. Kg2 Rc2+ 39.
Kh3 h5 40. Kh4 Rxh2+ 41. Kg5 Qc5+ 42. f5 e6 43. Rf4 exf5 44. exf5 gxf5 45. Rxf5
Qe7+ 46. Kg6 Ne5+ 47. Kh6 h4 48. a5 hxg3+ 49. Rh5 Qf8+ 50. Kg5 Rxh5+ 51. Kxh5
Qg8 52. a6 Qg6+ 53. Kh4 Qg4# 0-1

[Event "WA Open - Booster Section"]
[Site "Redmond, WA"]
[Date "2008.05.25"]
[Round "3"]
[White "Oratz, Josh"]
[Black "Hjerrild, Steven"]
[Result "1-0"]
[WhiteElo "1060"]
[BlackElo "1054"]
[PlyCount "93"]
[EventDate "2008.05.??"]
[SourceDate "2008.05.24"]

{A great game, according to Josh Oratz} 1. e4 c5 2. Nf3 e6 3. d4 cxd4 4. Nxd4
Nc6 5. Nc3 a6 6. Bc4 Nf6 7. Bg5 Be7 8. O-O O-O 9. Re1 Ne5 10. Bb3 Qc7 11. Bf4
Bd6 12. Bg5 Neg4 13. g3 b5 14. Ndxb5 axb5 15. Nxb5 Qc5 16. Qe2 Ba6 17. Bxf6
Nxf6 18. Bc4 Be5 19. Rab1 Bb7 20. b4 Qb6 21. Qe3 Qxe3 22. Rxe3 Nxe4 23. Rd1 d5
24. Bb3 Bf6 25. f3 Bg5 26. Ree1 Nd2 27. f4 Nf3+ 28. Kf2 Nxe1 29. fxg5 Nxc2 30.
Bxc2 Rxa2 31. Rd2 Rc8 32. Bxh7+ Kxh7 33. Rxa2 Ra8 34. Rxa8 Bxa8 35. Nd6 Kg6 36.
h4 f6 37. gxf6 Kxf6 38. Ne8+ Kf7 39. Nc7 Bb7 40. b5 Ke7 41. b6 Kd6 42. Ke3 Ke5
43. Nb5 Ba6 44. g4 Kf6 45. Kd4 Bb7 46. g5+ Kf5 47. Nd6+ 1-0

[Event "WA Open - Booster Section"]
[Site "Redmond, WA"]
[Date "2008.05.25"]
[Round "3"]
[White "Fields, Noah"]
[Black "James, Mark"]
[Result "1-0"]
[WhiteElo "988"]
[BlackElo "1198"]
[Annotator "Harrison"]
[PlyCount "147"]
[EventDate "2008.05.??"]
[SourceDate "2008.05.24"]

1. e4 e6 2. d4 d5 3. Nd2 Nf6 4. Bd3 c5 5. c3 Nc6 6. Ngf3 c4 7. Bc2 b5 8. a3 Rb8
9. O-O a5 10. Re1 Nd7 $4 11. exd5 Na7 12. dxe6 fxe6 13. Rxe6+ Be7 14. d5 Nf6
15. Re1 Qxd5 16. Qe2 Nc6 17. Nd4 O-O {Diagram #} 18. N2f3 ({
The bishop on e7 looks like it's hanging, but it's not entirely simple:} 18.
Nxc6 Qxc6 19. a4 $5 (19. Qxe7 Re8 20. Qxe8+ Nxe8 21. Nf3 $16) 19... Bb7 20. Nf3
b4 21. Bf5 Kh8 22. Qxe7 Rbe8 23. Qxf8+ Rxf8 24. cxb4 $16) 18... Nxd4 19. Nxd4
Re8 20. Be3 Bb7 21. Nf3 Ng4 22. Rad1 Qh5 23. h3 Nxe3 24. Qxe3 Bf6 25. Qf4 Bxf3
26. Qxf3 Qxf3 27. gxf3 Rxe1+ 28. Rxe1 h6 29. Kg2 b4 30. Re3 Bg5 31. Re4 bxc3
32. bxc3 Rb2 33. Bd1 Kf7 34. Rxc4 Ra2 35. Ra4 Ra1 36. Bb3+ Kg6 37. Rxa5 Bd2 38.
Ra6+ Kg5 39. c4 Rb1 40. Bc2 Rb2 41. Be4 Be3 42. Rg6+ Kf4 43. Rxg7 Rxf2+ 44. Kh1
Ra2 45. Rf7+ Ke5 46. Bd5 Rxa3 47. Re7+ Kf5 48. Re4 Bg5 49. Kg2 Re3 50. Rxe3
Bxe3 51. Kg3 Bf4+ 52. Kf2 Kg5 53. Be6 h5 54. c5 Kf6 55. Bd7 Ke7 56. c6 h4 57.
Ke2 Kd6 58. Kd3 Ke7 59. Ke4 Bc7 60. Kf5 Bd8 61. Kg5 Kd6+ 62. Kg4 Kc7 63. f4 Be7
64. Kh5 Kd8 65. f5 Bf6 66. Kg6 Be7 67. f6 Bf8 68. Kf7 Bh6 69. Kg8 Kc7 70. f7
Kd8 71. f8=Q+ Bxf8 72. Kxf8 Kc7 73. Ke8 Kb8 74. Kd8 1-0

[Event "WA Open - Booster Section"]
[Site "Redmond, WA"]
[Date "2008.05.??"]
[Round "6"]
[White "Lehman, Spencer"]
[Black "Nelson, Evan"]
[Result "0-1"]
[WhiteElo "1134"]
[BlackElo "1316"]
[PlyCount "90"]
[EventDate "2008.05.??"]
[SourceDate "2008.05.24"]

1. e4 c5 2. Nf3 d6 3. d4 cxd4 4. Nxd4 Nf6 5. Nc3 a6 6. a4 e6 7. Bd3 Nc6 8. Nf3
Be7 9. Be3 d5 10. O-O O-O 11. exd5 Nxd5 12. Nxd5 Qxd5 13. Nd4 e5 14. Nxc6 Qxc6
15. Bd2 b6 16. f3 Bb7 17. Re1 f6 18. Be4 Bc5+ 19. Kh1 Qc7 20. Bxb7 Qxb7 21. Be3
Rfd8 22. Qe2 Rac8 23. c3 Bxe3 24. Qxe3 b5 25. a5 Rd6 26. Rad1 Rcd8 27. Rxd6
Rxd6 28. Kg1 Kf7 29. Kf2 Qd7 30. Ke2 f5 31. Kf1 Re6 32. Qg5 Rg6 33. Qh5 Qe6 34.
Qxh7 Rh6 35. Qxh6 gxh6 36. f4 Qc4+ 37. Kg1 e4 38. Ra1 Qe2 39. Rf1 Qxb2 40. Rd1
Qe2 41. Rf1 Qe3+ 42. Kh1 Qxc3 43. Rd1 Qxa5 44. Rd7+ Ke6 45. Rd1 e3 0-1

[Event "WA Open - Booster Section"]
[Site "Redmond, WA"]
[Date "2008.05.25"]
[Round "6"]
[White "Barua, Aniruddha"]
[Black "Lee, Jonah"]
[Result "0-1"]
[WhiteElo "838"]
[BlackElo "918"]
[PlyCount "68"]
[EventDate "2008.05.??"]
[SourceDate "2008.05.24"]

1. e4 e6 2. d4 d5 3. exd5 exd5 4. Nf3 Bd6 5. Be2 Ne7 6. Bg5 f6 7. Be3 Bg4 8.
Nbd2 Nbc6 9. O-O Qd7 10. c4 O-O-O 11. c5 Bxf3 12. Bxf3 Bxh2+ 13. Kxh2 h5 14. a3
h4 15. Rh1 h3 16. g3 g5 17. b4 Rdg8 18. Be2 f5 19. f3 f4 20. Bf2 fxg3+ 21. Bxg3
Nxd4 22. Bd3 Nef5 23. Be5 Rh6 24. Bxf5 Nxf5 25. a4 Ne7 26. Nc4 g4 27. Qd2 Nf5
28. Bf4 Rh7 29. Bg5 Rh5 30. Ne5 Qe6 31. Qf4 Rgxg5 32. Rhe1 g3+ 33. Kg1 h2+ 34.
Kg2 Ne3+ 0-1

[Event "WA Open - Booster Section"]
[Site "Redmond, WA"]
[Date "2008.05.26"]
[Round "6"]
[White "Yu, Wesley"]
[Black "Iordanov, Stoyan"]
[Result "1-0"]
[WhiteElo "1059"]
[BlackElo "1048"]
[PlyCount "63"]
[EventDate "2008.05.??"]
[SourceDate "2008.05.24"]

1. d4 Nf6 2. c4 e6 3. a3 d5 4. Nc3 Nbd7 5. Bg5 Be7 6. e3 c6 7. Nf3 Ne4 8. Bxe7
Qxe7 9. Nxe4 dxe4 10. Nd2 e5 11. Nxe4 Nf6 12. Nxf6+ Qxf6 13. Be2 Be6 14. O-O
Rd8 15. d5 O-O 16. Bf3 Qh4 17. Qb3 e4 18. g3 Qf6 19. Bxe4 Bh3 20. Rfe1 Rfe8 21.
Qc2 Kh8 22. Rad1 c5 23. b4 cxb4 24. axb4 Rd6 25. Rd4 g6 26. c5 Ra6 27. d6 Ra2
28. d7 Bxd7 29. Qxa2 Rxe4 30. Rxe4 Bh3 31. Rd1 Qf3 32. Qb2+ 1-0

[Event "WA Open - Extra rated game"]
[Site "Redmond, WA"]
[Date "2008.05.24"]
[Round "1"]
[White "Cohen, Mark"]
[Black "Manion, Jimmy"]
[Result "0-1"]
[WhiteElo "1057"]
[BlackElo "1105"]
[PlyCount "48"]
[EventDate "2008.05.??"]
[SourceDate "2008.05.24"]

1. e4 c5 2. Nf3 Nc6 3. d4 cxd4 4. Nxd4 d6 5. Nc3 Nf6 6. Be3 g6 7. f3 Bg7 8. Bc4
O-O 9. Qd2 e5 10. Nb3 Be6 11. Nd5 Nd4 12. Nxd4 Bxd5 13. Bxd5 Nxd5 14. Bh6 Qh4+
15. g3 Qxh6 16. Qxh6 Bxh6 17. Nb5 Nb4 18. O-O Nxc2 19. Rac1 Bxc1 20. Rxc1 Nd4
21. Nxd4 exd4 22. Rd1 Rac8 23. Rd2 Rc4 24. Kf2 Rfc8 0-1

[Event "WA Open - Extra rated game"]
[Site "Redmond, WA"]
[Date "2008.05.24"]
[Round "2"]
[White "Buchignani, Paul"]
[Black "Harrison, Drayton"]
[Result "0-1"]
[WhiteElo "1444"]
[BlackElo "1788"]
[Annotator "Harrison"]
[PlyCount "96"]
[EventDate "2008.05.??"]
[SourceDate "2008.05.24"]

1. e4 d5 2. exd5 Nf6 3. Nc3 Nxd5 4. d4 g6 5. Nf3 Bg7 6. Bd2 O-O 7. h3 Nc6 8.
Nxd5 Qxd5 9. Bc3 $2 (9. c3) 9... Bf5 10. Be2 Rad8 11. O-O Nxd4 12. Nxd4 Bxd4
13. Bxd4 Qxd4 14. c3 Qb6 15. Qc1 Rd7 16. b3 Rfd8 17. Rd1 Rxd1+ 18. Bxd1 Qd6 19.
Bf3 b6 20. Qe3 Qf6 21. Qe1 {Diagram #} Bxh3 22. gxh3 Qxf3 23. Qxe7 Rd1+ {
simplifying to a won queen ending, but} (23... Rd5 $1 {
finishes the game quickly}) 24. Rxd1 Qxd1+ 25. Kg2 Qd5+ 26. Kg1 Qc6 27. c4 a5
28. h4 h5 29. Qd8+ Kg7 30. Qd4+ Qf6 31. Qe4 Kf8 32. a4 Qd6 33. Kg2 Kg7 34. Qf3
Qe5 35. Qd3 Qf4 {
Finally reaching the ideal square; now the black king can come out.} 36. Qc3+
Kf8 37. Qh3 Ke7 38. f3 Kd6 39. Qh1 Kc5 40. Qe1 Kd4 41. Qa1+ Kd3 42. Qb1+ Kc3
43. Qe1+ Qd2+ 44. Qxd2+ Kxd2 45. Kf2 Kc3 46. Ke3 Kxb3 47. Ke4 Kxa4 48. f4 Kb3
0-1

[Event "WA Open - Extra rated game"]
[Site "Redmond, WA"]
[Date "2008.05.26"]
[Round "5"]
[White "Barua, Aniruddha"]
[Black "Goodfellow, Peter"]
[Result "1-0"]
[WhiteElo "838"]
[BlackElo "1082"]
[PlyCount "47"]
[EventDate "2008.05.??"]
[SourceDate "2008.05.24"]

1. e4 e5 2. Nf3 Nc6 3. Bb5 Nf6 4. Nc3 d5 5. d3 g6 6. Nxe5 Qe7 7. Nxc6 bxc6 8.
Bxc6+ Nd7 9. Bxa8 Qe6 10. Bxd5 Qd6 11. Qg4 Bg7 12. Bxf7+ Kxf7 13. Qf3+ Nf6 14.
e5 Qxe5+ 15. Ne4 Bb7 16. O-O h5 17. Qe3 Bf8 18. Ng5+ Qxg5 19. Qxg5 Nh7 20. Qf4+
Kg7 21. Qxc7+ Kf6 22. f4 Bd5 23. Bd2 Be7 24. Bc3+ 1-0

[Event "WA Open - Novice Section"]
[Site "Redmond, WA"]
[Date "2008.05.25"]
[Round "1"]
[White "Seran, Ben"]
[Black "Wyant, Matt"]
[Result "0-1"]
[WhiteElo "475"]
[BlackElo "1027"]
[PlyCount "76"]
[EventDate "2008.05.25"]
[SourceDate "2008.05.24"]

1. e4 c5 2. d4 cxd4 3. Qxd4 Nc6 4. Qd1 g6 5. Nf3 Bg7 6. Be2 d6 7. O-O Nf6 8.
Re1 Nxe4 9. Bd2 Bxb2 10. c3 Bxa1 11. Bh6 Nxc3 12. Nxc3 Bxc3 13. Rf1 Be6 14. Ng5
Qd7 15. Nxe6 Qxe6 16. Qc2 Bf6 17. Qd2 O-O-O 18. Rb1 Bd4 19. h3 Bb6 20. Bg4 f5
21. Re1 Qf7 22. Rc1 fxg4 23. hxg4 Qxf2+ 24. Qxf2 Bxf2+ 25. Kxf2 Kd7 26. Be3 b6
27. g3 Ne5 28. g5 Ng4+ 29. Kf3 Nxe3 30. Kxe3 Rc8 31. Rd1 Rc3+ 32. Kd4 Rxg3 33.
Rc1 Rxg5 34. Ke4 d5+ 35. Kf4 Rh5 36. Rc3 Rc8 37. Rxc8 Kxc8 38. Kg4 Rf5 0-1

[Event "WA Open - Novice Section"]
[Site "Redmond, WA"]
[Date "2008.05.25"]
[Round "2"]
[White "Dodge, Jarva"]
[Black "Haining, Kyle"]
[Result "1/2-1/2"]
[WhiteElo "789"]
[BlackElo "679"]
[PlyCount "135"]
[EventDate "2008.05.25"]
[SourceDate "2008.05.24"]

1. d4 d5 2. Nc3 c6 3. Nf3 Nf6 4. Bg5 Nfd7 5. e3 h6 6. Bf4 e6 7. Be2 Be7 8. O-O
Bg5 9. Bxg5 hxg5 10. Ne5 Qc7 11. g3 Nxe5 12. dxe5 Qxe5 13. Qd4 Qxd4 14. exd4
Nd7 15. Bf3 Nb6 16. b3 Bd7 17. a3 O-O-O 18. Ne2 Rh6 19. Bg2 Rdh8 20. f3 Rxh2
21. Kf2 R2h6 22. Rh1 f6 23. Rxh6 Rxh6 24. Ng1 e5 25. dxe5 fxe5 26. g4 Rf6 27.
Ke2 Kc7 28. Nh3 Rg6 29. Rh1 d4 30. Kd3 Nd5 31. c4 Nf4+ 32. Nxf4 gxf4 33. Ke4
Re6 34. Rh7 g6 35. Bh3 c5 36. g5 Ra6 37. Bxd7 Kb6 38. a4 Ka5 39. Bb5 Rb6 40.
Kxe5 Kb4 41. Rh1 Kxb3 42. Rb1+ Kc2 43. Rh1 a5 44. Kxf4 Re6 45. Rh2+ Kc3 46. Kg4
d3 47. f4 Re3 48. Rh1 Re2 49. Kf3 Kc2 50. f5 gxf5 51. g6 Re6 52. Rg1 Rxg6 53.
Rxg6 d2 54. Rd6 d1=Q+ 55. Rxd1 Kxd1 56. Bd7 Kd2 57. Bxf5 Kc3 58. Be6 Kb4 59.
Ke4 Kxa4 60. Kd5 Kb4 61. Bd7 a4 62. Bxa4 Kxa4 63. Kxc5 Ka5 64. Kd5 b6 65. Kd4
Kb4 66. Kd5 Kc3 67. c5 bxc5 68. Kxc5 1/2-1/2

[Event "WA Open - Novice Section"]
[Site "Redmond, WA"]
[Date "2008.05.30"]
[Round "3"]
[White "Dodge, Jarva"]
[Black "Veibell, Vincent"]
[Result "1-0"]
[WhiteElo "789"]
[BlackElo "497"]
[PlyCount "111"]
[EventDate "2008.05.25"]
[SourceDate "2008.05.24"]

1. d4 Nc6 2. Nf3 Nf6 3. e3 e5 4. dxe5 Bb4+ 5. Bd2 Bxd2+ 6. Nbxd2 Ne4 7. Nxe4
Qe7 8. Bd3 Nxe5 9. Nxe5 Qxe5 10. O-O Qxb2 11. a4 d6 12. Qf3 Bd7 13. Qf4 Qe5 14.
Qxe5+ dxe5 15. Nc5 O-O-O 16. Ne4 Bf5 17. Ng3 Bxd3 18. cxd3 Rxd3 19. Rad1 Rxd1
20. Rxd1 Kb8 21. h3 Kc8 22. Ne4 Rd8 23. Rxd8+ Kxd8 24. Ng5 a6 25. Nxf7+ Ke7 26.
Nxe5 b5 27. axb5 axb5 28. Nc6+ Kd6 29. Nd4 b4 30. Nb3 c5 31. Kf1 Kd5 32. Ke2
Kc4 33. Nd2+ Kc3 34. f4 c4 35. e4 b3 36. e5 Kb4 37. e6 c3 38. Nxb3 Kxb3 39. e7
c2 40. e8=Q c1=Q 41. Qb5+ Kc2 42. Qc5+ Kb1 43. Qxc1+ Kxc1 44. g4 Kc2 45. Ke3
Kc3 46. Ke4 Kc4 47. Ke5 Kd3 48. Ke6 Ke3 49. f5 Kf4 50. Kf7 Kg3 51. Kxg7 Kxh3
52. g5 h5 53. f6 h4 54. f7 Kg3 55. f8=Q h3 56. Qf1 {
remaining moves unclear. White played checkmate on move 62.} 1-0

[Event "WA Open - Novice Section"]
[Site "Redmond, WA"]
[Date "2008.05.25"]
[Round "3"]
[White "Mayer, Jennie"]
[Black "Wyant, Matt"]
[Result "0-1"]
[WhiteElo "839"]
[BlackElo "1027"]
[PlyCount "68"]
[EventDate "2008.05.25"]
[SourceDate "2008.05.24"]

1. e4 c5 2. Nf3 g6 3. Bc4 Bg7 4. O-O Nc6 5. c3 Ne5 6. Nxe5 Bxe5 7. d4 cxd4 8.
cxd4 Bg7 9. Nc3 e6 10. Be3 Ne7 11. d5 O-O 12. Bd4 f6 13. Re1 Qc7 14. Nb5 Qxc4
15. Nd6 Qb4 16. Nxc8 Rfxc8 17. b3 exd5 18. exd5 Nf5 19. Bb2 Qd6 20. Qd2 Bh6 21.
Qd3 Kf7 22. Re2 Re8 23. a4 Rxe2 24. Qxe2 Qxd5 25. Rd1 Qc6 26. Ba3 Re8 27. Qd3
d5 28. b4 Qe6 29. h3 Qe4 30. Qb5 Re7 31. Rxd5 Qe1+ 32. Kh2 Bf4+ 33. g3 Qxf2+
34. Kh1 Nxg3# 0-1